000
00386nam a2200133Ia 4500
008
100328s9999 xx 000 0 und d
082
_b
72318
100
_a
घाणेकर प्र.के.
245
_a
डोळस भटकंती
260
_b
स्नेहल.
630
_a
डोळस भटकंती
730
_a
डोळस भटकंती
942
_c
BOOK
999
_c
558040
_d
558037